000 00564nam a2200229Ia 4500
003 OSt
005 20220924134531.0
006 a|||||r|||| 00| 0
007 ta
008 220923b |||||||| |||| 00| 0 snd d
024 _a276222
037 _cTextual
040 _aARTS
_cARTS
_bsnd
041 _2snd
_asnd
082 _aO1593,1(Y11), M2
100 _aMahboobani Goverdhan
_9208624
245 0 _aLatyoon
250 _a2nd
260 _c1982
942 _hO1593,1(Y11), M2
_cTEXL
_2CC
999 _c437660
_d437660